| 000 | 01163 a2200241 4500 | ||
|---|---|---|---|
| 999 |
_c23965 _d23965 |
||
| 003 | NUST | ||
| 005 | 20170622112102.0 | ||
| 008 | 170622b xxu||||| |||| 00| 0 eng d | ||
| 010 | _a 96016472 | ||
| 020 | _a0201895730 | ||
| 040 |
_cNUST _aDLC _bDLC |
||
| 050 | _a621.39/5 SKA | ||
| 082 | 0 | 0 | _a621.39/5 SKA |
| 100 | 1 |
_aKevin. Skahill _93073 |
|
| 245 | 1 | 0 |
_aVHDL for programmable logic / _cKevin Skahill ; contributors, Jay Legenhausen ... [et al.]. |
| 260 |
_aReading, Mass. : _bAddison-Wesley, _cc1996. |
||
| 300 |
_axiv, 593 p. : _bill. ; _c24 cm. + _e1 computer laser optical disc (4 3/4 in.) |
||
| 505 | _a1.introduction (page 1)2.programmable logic primer(page 25)3.entities and architectures(page 105)4.creating combinational and synchronous logic(page 159)5.state machine design(page 231)6.hierarchy in large designs(page 293)7.functions and procedures(page 379)8.synthesis and design implementation(page 415)9.optimizing data paths(page 501)10.creating test benches(page 541) | ||
| 538 |
_a _iShelf # 09, Row # 2, History & Digital Design. |
||
| 650 | 0 |
_aLogic design _xData processing. _92936 |
|
| 650 | 0 |
_aProgrammable logic devices _xDesign _xData processing. _93074 |
|
| 650 | 0 |
_aVHDL (Computer hardware description language) _92937 |
|
| 700 | 1 |
_aLegenhausen, Jay. _93075 |
|
| 942 |
_2ddc _cBK _h621.39/5 SKA |
||